Paul Butcher v SoS Environment and Maidstone BC (Record no. 8953)

MARC details
000 -LEADER
fixed length control field 01296cab a2200253 4500
001 - CONTROL NUMBER
control field ABS55057
008 - FIXED-LENGTH DATA ELEMENTS--GENERAL INFORMATION
fixed length control field 090401t1996 xxu||||| |||| 00| 0 eng d
035 ## - SYSTEM CONTROL NUMBER
System control number (Sirsi) u13865
041 ## - LANGUAGE CODE
Language code of text/sound track or separate title eng
245 ## - TITLE STATEMENT
Title Paul Butcher v SoS Environment and Maidstone BC
260 ## - PUBLICATION, DISTRIBUTION, ETC.
Date of publication, distribution, etc. 1996
350 ## - PRICE (NR) (BK AM CF MU VM SE) [OBSOLETE]
Price 0
490 ## - SERIES STATEMENT
Series statement Property and Compensation Reports
Volume/sequential designation [1996] 71 P&CR 337-349(7)
520 ## - SUMMARY, ETC.
Summary, etc. QBD 11 August 1995. In 1983 the Crystal Paper Company (C) licensed part of a transport yard and buildings for the purpose of stripping, cutting and packing paper. In 1985 C appealed against an enforcement notice requiring that use to cease, C appealed and in 1986 planning permission was granted stating the premises only to be used for paper; however the land continued to be used for its original purpose of haulage and storage purposes by Paul Butcher who appealed against enforcement notices issued in 1993 and 1994. At dispute was whether the 1986 permission was valid.
650 ## - SUBJECT ADDED ENTRY--TOPICAL TERM
Topical term or geographic name entry element CRYSTAL PAPER COMPANY
650 ## - SUBJECT ADDED ENTRY--TOPICAL TERM
Topical term or geographic name entry element ENFORCEMENT NOTICES
650 ## - SUBJECT ADDED ENTRY--TOPICAL TERM
Topical term or geographic name entry element PAPER MILL
650 ## - SUBJECT ADDED ENTRY--TOPICAL TERM
Topical term or geographic name entry element PAUL BUTCHER V SOS ENVIRONMENT AND MAIDSTONE BC
650 ## - SUBJECT ADDED ENTRY--TOPICAL TERM
Topical term or geographic name entry element TOWN AND COUNTRY PLANNING ACT 1971 S88
650 ## - SUBJECT ADDED ENTRY--TOPICAL TERM
Topical term or geographic name entry element TRANSPORT YARD
690 ## - LOCAL SUBJECT ADDED ENTRY--TOPICAL TERM (OCLC, RLIN)
Topical term or geographic name as entry element PLANNING LAW AND PRACTICE-CASE LAW
942 ## - ADDED ENTRY ELEMENTS (KOHA)
Suppress in OPAC 0
948 ## - LOCAL PROCESSING INFORMATION (OCLC); SERIES PART DESIGNATOR (RLIN)
c (OCLC) 04/03/1997
Holdings
Withdrawn status Lost status Source of classification or shelving scheme Damaged status Not for loan Home library Current library Shelving location Date acquired Total Checkouts Full call number Barcode Date last seen Copy number Price effective from Koha item type
    Dewey Decimal Classification     London London Journal article 14/09/1999   ABS55057 13865-1001 06/08/2019 1 06/08/2019 Law report